| 000 | 01184nam a2200229Ia 4500 | ||
|---|---|---|---|
| 001 | L808-30799 | ||
| 003 | IT-CnALBA | ||
| 008 | 170116s9999||||xx |||||||||||||| ||und|| | ||
| 040 |
_aIT-CnALBA _cIT-CnALBA |
||
| 041 | _aITALIANO | ||
| 100 | _aFANFANI PIETRO | ||
| 245 | 0 | _aIL PLUTARCO FEMMINILE. LIBRO DI LETTURA E DI PREMIO. | |
| 250 | _a1a ed. | ||
| 260 |
_aMILANO _bCARRARA P. LIBR. EDUCAZ. ISTRUZ. _c1872 [1° Ed.:1872 - Ed.Ling.Originale: 1872] |
||
| 300 | _a311 p. | ||
| 500 | _aPREFAZIONE DELL'AUTORE. INDICE GENERALE DELLE MATERIE. INDICE POLIGLOTTA. LE GRANDI DONNE DI TOSCANA: DA AMALASUNTA, REGINA DEI LONGOBARDI, FINO A MARIA A. CARDINA GRANDUCHESSA DI TOSCANA. CONFRONTA DOCUMENTO 25244: DOPPIONE ' | ||
| 501 | _aSocietà San Paolo EM - Piazza San Paolo, 14 - 12051 ALBA (CN) (non commercial uses only) ® Copyright 2017 | ||
| 520 | _aPREFAZIONE DELL'AUTORE. INDICE GENERALE DELLE MATERIE. INDICE POLIGLOTTA. LE GRANDI DONNE DI TOSCANA: DA AMALASUNTA, REGINA DEI LONGOBARDI, FINO A MARIA A. CARDINA GRANDUCHESSA DI TOSCANA. CONFRONTA DOCUMENTO 25244: DOPPIONE ' | ||
| 650 | _aNARRATIVA DI VARIE LETTERATURE - ROMANZI | ||
| 942 | _cBK | ||
| 957 | _71 | ||
| 999 |
_a35574 _bSI _g Copie: 1 _c289640 _d289640 |
||